01016nam a22002293 450000100060000000300080000600500170001400800410003103500190007204000270009104100080011808200230012611100850014924502340023424600380046826000400050630000310054649000740057765000320065165000290068383000740071274796BD-RjUL20211209082614.0181206s1937 sq 000 0 und d a(BD-RjUL)75014 aEQOcEQObengdBD-RjUL aeng a614.0991bLEH 19372 aLeague of Nations health organization, Intergovernmental conf. on rural hygiene.10aHealth organization Intergovernmental conference of Far-Eastern countries on rural hygiene. Preparatory papers:bReport of the Netherlands Indies /cLeague of Nations health organization, Intergovernmental conf. on rural hygiene. aReport of the Netherlands Indies. aGeneva :bLeague of Nations,c1937. a204 pages :bill. ;c24 cm aPublications of the League of Nations.v III, Health ; 1937. III. 15. aPublic health zIndonesia.  aRural healthzIndonesia. aPublications of the League of Nations.v III, Health ; 1937. III. 15.